The trainer /

Tallennettuna:
Bibliografiset tiedot
Päätekijä: Adamson, Sara (Tekijä)
Aineistotyyppi: Kirja
Kieli:englanti
Julkaistu: New York : Rhinoceros, 1998
Painos:Second edition
Tagit: Lisää tagi
Ei tageja, Lisää ensimmäinen tagi!

MARC

LEADER 00000nam a22000007i 4500
001 IT\ICCU\UBO\2259550
003 ItRI
005 20260115231835.0
008 030729s1998 xxu|||||| ||||| |||||c
020 |a 1563336863 
040 |b ita  |c importazione bologna sebina 
041 7 |a eng  |2 ISO-639-2 
100 1 |a Adamson, Sara  |0 IT\ICCU\UBOV\817345  |4 aut 
245 1 4 |a The trainer /  |c Sara Adamson. 
250 |a Second edition 
260 |a New York :  |b Rhinoceros,  |c 1998 
300 |a 343 p. ;  |c 18 cm 
500 |a Sulla cop.: Laura Antoniou writing as "Sara Adamson". 
942 |2 ddc  |c BK  |n 0 
952 |0 0  |1 0  |4 0  |6 DOC_813_540000000000000_ANT  |7 0  |9 13955  |a BO  |b BO  |d 2026-01-15  |i 7536  |l 0  |o DOC 813.54 ANT  |p BO7536  |r 2026-01-15 23:18:35  |w 2026-01-15  |x [Sebina 5] [1 v.]  |y BK  |z 1 v. 
999 |c 12015  |d 12015